Ekonomie v jednom viru svět pandemie očima ekonoma
Uložené v:
| Hlavný autor: | |
|---|---|
| Médium: | Kniha |
| Jazyk: | Czech |
| Vydavateľské údaje: |
Zašová
Liberální institut
2022
|
| Vydanie: | 1. vydání |
| Predmet: | |
| Tagy: |
Žiadne tagy, Buďte prvý, kto otaguje tento záznam!
|
MARC
| LEADER | 00000nam a2200000 4500 | ||
|---|---|---|---|
| 001 | 0307928 | ||
| 005 | 20250507145532.3 | ||
| 020 | |a 978-80-86389-70-7 | ||
| 041 | 0 | |a cze | |
| 044 | |a CZ | ||
| 245 | 1 | 0 | |a Ekonomie v jednom viru |b svět pandemie očima ekonoma |c Ryan A. Bourne |
| 250 | |a 1. vydání | ||
| 264 | 1 | |a Zašová |b Liberální institut |c 2022 | |
| 300 | |a 335 s. | ||
| 610 | 2 | 0 | |a pandémia |
| 610 | 2 | 0 | |a kríza pandemická |
| 610 | 2 | 0 | |a koronavírus |
| 610 | 2 | 0 | |a plánovanie |
| 610 | 2 | 0 | |a doprava letecká |
| 610 | 2 | 0 | |a hospodárstvo |
| 610 | 2 | 0 | |a ekonomika |
| 610 | 2 | 0 | |a ekonómia |
| 100 | 1 | |a Bourne, Ryan A. | |